000 00721nam a2200217 i 4500
001 bg
100 1 _aLINCZOWSKI, Czesław
245 1 0 _aZarządzanie i kierowanie w budownictwie /
_cCzesław Linczowski, Zbigniew B. Sobczyk ; Politechnika Częstochowska.
260 _aCzęstochowa :
_bWydaw. PC,
_c1993.
300 _a120, [1] s. :
_brys. ;
_c24 cm.
504 _aBibliogr. s. 118-[121].
650 9 _aBudownictwo
_xorganizacja
_xzagadnienia
650 9 _aZarządzanie
_xbudownictwo
_xzagadnienia
655 _aPodręczniki akademickie
700 1 _aSOBCZYK, Zbigniew Bronisław
040 _cBPK
041 0 _apl
080 _a658.1/.5.012.4::69(075.8)
942 _cKS
008 s pl f |000 0 pol
999 _c6760
_d6760
856 _uhttp://koha.tu.koszalin.pl/cgi-bin/koha/opac-detail.pl?biblionumber=6760
_yKatalog online BPK